000 01175nmc a2200421 a 4500
003 AR-BaBNM
005 20251128210508.0
008 160020s1999 ||||||||||||||000 | spa||
020 _a84-7584-115-5
040 _cAR-BaBNM
100 1 _aPuig Rovira, Josep María
245 1 0 _aEducación moral y democracia
250 _a1ª ed.
260 _aBarcelona
_bLaertes
_c1999
300 _a237 p.
_btablas
490 0 _aPedagogía
_vv. 62
500 _aContiene referencias bibliográficas
600 1 4 _aDurkheim, Emile
600 1 4 _aFreud, Sigmund
600 1 4 _aSkinner, Burrhus Frederic
600 1 4 _aPiaget, Jean
600 1 4 _aKohlberg, Lawrence
600 1 4 _aTuriel, Elliot
600 1 4 _aBandura, Albert
650 4 _aEDUCACION MORAL
650 4 _aDESARROLLO DE LA PERSONALIDAD
650 4 _aTEORIAS DE LA PERSONALIDAD
650 4 _aCURRICULO
650 4 _aACTIVIDADES
653 _aEDUCACION EN VALORES
653 _aEDUCACION DEMOCRATICA
653 _aMETODOS EDUCATIVOS
700 1 _aMartínez Martin, Miquel
800 1 _aRodríguez, María Luisa
_edirector
800 1 _aTrilla, Jaume
_edirector
942 _cBK
998 _cRaquel
999 _c15678
_d15678